| 000 -LEADER |
| fixed length control field |
00843cas a2200241 a 4500 |
| 022 ## - INTERNATIONAL STANDARD SERIAL NUMBER |
| ISSN |
1729-2638 |
| 040 ## - CATALOGING SOURCE |
| Transcribing agency |
HBS |
| 082 ## - DEWEY DECIMAL CLASSIFICATION NUMBER |
| Classification number |
060 TWB 2006 C314 Or. |
| 245 10 - TITLE STATEMENT |
| Title |
Doing business in 2006. |
| 246 1# - VARYING FORM OF TITLE |
| Title proper/short title |
Doing business |
| 260 ## - PUBLICATION, DISTRIBUTION, ETC. (IMPRINT) |
| Place of publication |
Washington, D.C. : |
| Name of publisher |
World Bank : |
| -- |
International Finance Corp. ; |
| Place of publication |
[Oxford, England] : |
| Name of publisher |
Oxford University Press, |
| Year of publication |
©2004- |
| 300 ## - PHYSICAL DESCRIPTION |
| Number of Pages |
188P. |
| Other physical details |
ill. |
| Dimensions |
29cm. |
| 500 ## - GENERAL NOTE |
| General note |
Each issue also has a distinctive title. |
| 650 #0 - SUBJECT ADDED ENTRY--TOPICAL TERM |
| Topical Term |
Commercial law |
| 650 #0 - SUBJECT ADDED ENTRY--TOPICAL TERM |
| Topical Term |
Trade regulation |
| 650 #0 - SUBJECT ADDED ENTRY--TOPICAL TERM |
| Topical Term |
Economic development projects |
| 650 #0 - SUBJECT ADDED ENTRY--TOPICAL TERM |
| Topical Term |
Industrial laws and legislation |
| 710 2# - ADDED ENTRY--CORPORATE NAME |
| Corporate name or jurisdiction name as entry element |
World Bank |
| 710 2# - ADDED ENTRY--CORPORATE NAME |
| Corporate name or jurisdiction name as entry element |
International Finance Corporation |
| 710 2# - ADDED ENTRY--CORPORATE NAME |
| Corporate name or jurisdiction name as entry element |
Oxford University Press |
| 856 40 - ELECTRONIC LOCATION AND ACCESS |
| Uniform Resource Identifier |
http://MY2VS8LV9P.search.serialssolutions.com/?V=1.0&L=MY2VS8LV9P&S=JCs&C=TC0000532362&T=marc |
| 942 ## - ADDED ENTRY ELEMENTS (KOHA) |
| Koha item type |
ឯកសារស្រាវជ្រាវ |
| 952 ## - LOCATION AND ITEM INFORMATION (KOHA) |
| Withdrawn status [LOCAL, KOHA] |
0 |